Logo Biblioteca

La Odisea / (Registro nro. 854)

Detalles MARC
000 -LEADER
fixed length control field 01128cam a22002535a 4500
003 - CONTROL NUMBER IDENTIFIER
control field AR-RoUNCS
005 - DATE AND TIME OF LATEST TRANSACTION
control field 20251216160550.0
008 - FIXED-LENGTH DATA ELEMENTS--GENERAL INFORMATION
fixed length control field 050705s2007 ag ||||gr |00| p spa
020 ## - INTERNATIONAL STANDARD BOOK NUMBER
International Standard Book Number 987-987-1093-46-5
040 ## - CATALOGING SOURCE
Original cataloging agency AR-BaBN
Language of cataloging spa
Transcribing agency AR-RoUNCS
Description conventions aacr
041 1# - LANGUAGE CODE
Language code of text/sound track or separate title spa
Language code of original grc
080 1# - UNIVERSAL DECIMAL CLASSIFICATION NUMBER
Universal Decimal Classification number 82-13(38)
Edition identifier 2016
100 0# - MAIN ENTRY--PERSONAL NAME
Personal name Homero
Relator term autor
Relationship aut
245 13 - TITLE STATEMENT
Title La Odisea /
Statement of responsibility, etc. Homero ; estudio preliminar, Sergio Albano.
260 ## - PUBLICATION, DISTRIBUTION, ETC.
Place of publication, distribution, etc. Buenos Aires :
Name of publisher, distributor, etc. Gradifco,
Date of publication, distribution, etc. 2007.
300 ## - PHYSICAL DESCRIPTION
Extent 384 p. ;
Dimensions 19 cm.
490 0# - SERIES STATEMENT
Series statement Nogal.
520 3# - SUMMARY, ETC.
Summary, etc. En "La Odisea" Homero narra las peripecias del viaje que emprendió el protagonista Odiseo para regresar a su patria. Además, en el relato se describen escenas familiares, con una mirada más psicológica e intimista.<br/>Esta obra a superado el ámbito literario para ganar terreno en el lenguaje popular, así se acuño el término odisea para designar todo viaje accidentado o peripecia, dando muestra cabal de su inmortalidad. (Nota del editor)
650 #4 - SUBJECT ADDED ENTRY--TOPICAL TERM
Topical term or geographic name entry element Literatura clásica
650 #4 - SUBJECT ADDED ENTRY--TOPICAL TERM
Topical term or geographic name entry element Literatura griega
655 #4 - INDEX TERM--GENRE/FORM
Genre/form data or focus term Poesía épica
700 1# - ADDED ENTRY--PERSONAL NAME
Personal name Albano, Sergio
942 ## - ADDED ENTRY ELEMENTS (KOHA)
Source of classification or shelving scheme Universal Decimal Classification
Koha item type Libro de préstamo a domicilio
Suppress in OPAC No
Existencias
Withdrawn status Lost status Source of classification or shelving scheme Damaged status Not for loan Collection Home library Current library Date acquired Total checkouts Full call number Barcode Date last seen Price effective from Koha item type
    Universal Decimal Classification     Colección General Biblioteca Escuela de Ciencias Sociales Biblioteca Escuela de Ciencias Sociales 16/12/2025   82-13(38) H766 000256 16/12/2025 16/12/2025 Libro de préstamo a domicilio
Biblioteca de la Escuela Preuniversitaria en Ciencias Sociales y Humanísticas.
Riobamba 250 bis.
CP 2000 - Rosario - Santa Fe
E-Mail: biblioteca@esociales.unr.edu.ar